00314 a2200133 450000100060000002000180000604000240002410000190004824000360006724500310010330000060013436200090014065000310014946113 a9788574064079 cAnchieta - Aquarius aCipis, Marcelo10aO nosso querido amigo Kukilpor10aO nosso querido amigo Kuki a 0 a2010 4aLiteratura infanto-juvenil